KLM vliegtuig registraties - Statistieken

Algemene statistieken
  • Deze quiz is 15 keer genomen
  • De gemiddelde score is 7 van 13
Antwoordstatistieken
registration airplane type % Correct
PH-AOD Airbus A330-200
92%
PH-BXO Boeing 737-900
69%
PH-BHD Boeing 787-9 Dreamliner
69%
PH-BGM Boeing 737-700
62%
PH-AKF Airbus A330-300
54%
PH-BXV Boeing 737-800
54%
PH-BQF Boeing 777-200
54%
PH-BKH Boeing 787-10 Dreamliner
54%
PH-BVC Boeing 777-300ER
46%
PH-EXX Embraer E175
38%
PH-EZD Embraer E190
38%
PH-NXA Embraer E195-E2
38%
PH-HSD Boeing 737-800
23%
Geen overeenkomende quizzen gevonden
Scoreverdeling
Procent van Mensen met Elke Score
Percentiel versus Aantal Correcte Antwoorden
Uw Scoregeschiedenis
U heeft deze quiz nog niet genomen